000 00515cam a22001457a 4500
008 180718b1972 xxu||||| |||| 00| 0 eng d
082 _aT000 R732
245 _aShaping the future: a discuttion at the Noble conference
_cedited by John D. Roslansky
260 _aAmsterdam
_bNorth-Holland Pub.
_c1972
300 _a101p.
500 _aConference organised by Gustavus Adophus College, St. Peter, Minnesota, 1971; F1.24.00
650 _aFuturology
650 _aEconomic Planning
700 _aRoslansky, John D., ed.
999 _c352762
_d352762